000 00311nam a22001457a 4500
008 231124b ||||| |||| 00| 0 eng d
020 _a0521291887
041 _aeng
080 _a94
082 _a94BYN
100 _a28
101 _aHISTO
245 _aHISTORICAL LINGUSTICS
_cBYNON .THE
942 _2udc
_cBK
999 _c60524
_d60524